Cizinci a přistěhovalí ve Francii

Problém migrácie obyvateľov medzi najvyspelejšími krajinami a rozvojovými krajinami. Sledovanie migračných prúdov v Európe (Francúzsko, Nemecko, Veľká Británia). Prisťahovalectvo vo Francúzsku. Podiel cudzincov na celkovom počte obyvateľov krajiny. Štruktúra cudzincov podľa veku. Rozdelenie cudzinco...

Descripción completa

Guardado en:
Detalles Bibliográficos
Autor principal: Pištora, Ladislav
Formato: Capítulo de libro
Lenguaje:checo
Materias:
Etiquetas: Agregar Etiqueta
Sin Etiquetas, Sea el primero en etiquetar este registro!

MARC

LEADER 00000naa$a2200000$$$4500
001 0003189
005 20230918121927.6
041 0 |a cze 
044 |a CZ 
245 1 0 |a Cizinci a přistěhovalí ve Francii  |c aut. Ladislav Pištora 
520 |a Problém migrácie obyvateľov medzi najvyspelejšími krajinami a rozvojovými krajinami. Sledovanie migračných prúdov v Európe (Francúzsko, Nemecko, Veľká Británia). Prisťahovalectvo vo Francúzsku. Podiel cudzincov na celkovom počte obyvateľov krajiny. Štruktúra cudzincov podľa veku. Rozdelenie cudzincov podľa vybraných národností v roku 1999. Vysvetlenie pojmu prisťahovaní. Prisťahovaní v roku 1999 podľa krajiny narodenia. Cudzinci a prisťahovaní vo Francúzsku. 
610 2 0 |a migrácia 
610 2 0 |a obyvateľstvo 
610 2 0 |a krajiny rozvojové 
610 2 0 |a krajiny vyspelé 
610 2 0 |a Európa 
610 2 0 |a Francúzsko 
610 2 0 |a cudzinci 
610 2 0 |a imigrácia 
100 1 |a Pištora, Ladislav